Score 0/25 Timer 09:00
0 Plays Today
% Correct
The Jungle Book
88.3%
Les Miserables
77.4%
Alice's Adventures in Wonderland
76.8%
Peter Pan
72.2%
Moby Dick
72.2%
The Adventures of Tom Sawyer
63.6%
Pride and Prejudice
59.9%
The Legend of Sleepy Hollow
55.1%
Don Quixote
53.6%
Beowulf
52.2%
The Iliad
51.4%
Hamlet
51%
The War of the Worlds
39%
% Correct
War and Peace
37.5%
Walden
28.3%
The Count of Monte Cristo
24.6%
Paradise Lost
21.7%
Ulysses
21.6%
The Call of the Wild
21.2%
Gulliver's Travels
17.3%
Inferno
15.9%
The Phantom Tollbooth
13.6%
The Jungle
6.5%
Frankenstein
6.4%
The Picture of Dorian Gray
6.4%
Remove Ads.
Support Sporcle.
Get the best of Sporcle when you Go Orange. This ad-free experience offers more features, more stats, and more fun while also helping to support Sporcle. Thank you for becoming a member.

You're not logged in!

Compare scores with friends on all Sporcle quizzes.
OR
Log In

Show Comments

Extras

Top Quizzes Today


Score Distribution

Your Account Isn't Verified!

In order to create a playlist on Sporcle, you need to verify the email address you used during registration. Go to your Sporcle Settings to finish the process.

Report this User

Report this user for behavior that violates our Community Guidelines.

Details: